Normal view
MARC view
- ديمقراطية -- الأردن -- الأردن -- الأحوال السياسية
Entry Topical Term
001 - CONTROL NUMBER
- control field: 41106
003 - CONTROL NUMBER IDENTIFIER
- control field: JO-AjAnu
005 - DATE AND TIME OF LATEST TRANSACTION
- control field: 20230606080829.0
008 - FIXED-LENGTH DATA ELEMENTS
- fixed length control field: 230606|| aca||aabn | a|a d
040 ## - CATALOGING SOURCE
- Original cataloging agency: JO-AjAnu
- Transcribing agency: JO-AjAnu
150 ## - HEADING--TOPICAL TERM
- Topical term or geographic name entry element: ديمقراطية -- الأردن -- الأردن -- الأحوال السياسية
670 ## - SOURCE DATA FOUND
- Source citation: Work cat.: (JO-AjAnu)21067: الطوالبة ، عبدالله , author 41105, المسيرة الديمقراطية الاردنية نحو الترسيخ والشمولية